000 00551nam a22001697a 4500
020 _a9780802870473
041 _aeng
080 _a82
090 _bHOL
100 _aHolli, Melvin G.
245 _aThe Making of the Mayor
260 _aMichigan
_bWilliamEerdmans Publishing Company
_c1983
300 _a172
520 _aLike any good story, this book mayoral race had an intriguing cast of characters. The incumbent was Jane M. Byrne, Chicagos first woman major.
_0Literature, Fiction, American Literature
650 _aPolitics
999 _c280085
_d280085
942 _cBK